• 首页
  • 本馆介绍
  • 公告通知
  • 最新文献
  • 馆藏检索
  • 电子资源
  • 读者导购
  • 参考咨询
  • 我的图书馆
  • 登录
  • 详细信息显示
  • 放入我的书架
  • 预约/预借图书
  • 作者相关作品
  • 分类相关作品
  • 丛书相关作品
  • 出版社相关作品

书目信息

  • 表格格式
  • 工作单格式
  • 卡片格式
题名:
皮革整饰
    
 
作者: ;上海市皮革塑料工业公司 编
分册:  
出版信息: 北京   轻工业出版社  1975
页数: 124页
开本: 19cm
丛书名:
单 册:
中图分类: TS544
科图分类:
主题词: 制革
电子资源:
ISBN:
000 00720nam0 2200241 45
001 0175002652
005 20060524162403.07
010    @dCNY0.30
091    @a15042.1366
100    @a19951021d1975 em y0chiy0121 ea
101 0  @achi
102    @aCN@b110000
105    @ay z 000yy
200 10 @a皮革整饰@Api ge zheng shi@f上海市皮革塑料工业公司编@Fshang hai shi pi ge su liao gong ye gong si bian
210    @a北京@c轻工业出版社@d1975
215    @a124页@d19cm
300    @a制革工人技术读本
606 0  @a制革
690    @aTS544@v4
711 02 @a上海市皮革塑料工业公司@Ashang hai shi pi ge su liao gong ye gong si@4编
801  2 @aCN@bNLC@c20060524
801  0 @aCN@b广东省中山图书馆@c20040518
905    @dTS544@e2
    
    皮革整饰/上海市皮革塑料工业公司编.-北京:轻工业出版社,1975
    124页;19cm
    制革工人技术读本
    
    ISBN :CNY0.30
    
●
相关链接 在E读中查询图书 在五车中查询图书 在当当中查询图书 在豆瓣中查询图书


正题名:皮革整饰     索取号:TS544/2         预约/预借

序号 登录号 条形码 馆藏地/架位号 状态 备注
1 0005273   001479260   第二样本阅览室/ [索取号:TS544/2] 在馆    
2 0005274   202386532   密集书库/ [索取号:TS544/2] 在馆    
3 0005275   001479242   第三借阅区/ [索取号:TS544/2] 在馆    
唐山师范学院图书馆 欢迎您!
大连网信软件有限公司© 版权所有